000 00460nam a2200181Ia 4500
001 19745
005 20260306172715.0
008 260306t2013||||xx |||||||||||||| ||spa||
041 _aESP
082 _a341
_bP86
100 _aPrieto Sanchís, Luis
_eAUT
245 0 _aSobre principios y normas:
_bproblemas de razonamiento jurídico
260 _c2013
300 _a218 páginas :
_c20 cm.
650 _aGEN
654 _aCDE
942 _cLIB
_dJUS
_fJUS
_2ddc
_n
999 _c19745
_d19745